<?xml version="1.0" encoding="UTF-8"?>
<record
    xmlns:xsi="http://www.w3.org/2001/XMLSchema-instance"
    xsi:schemaLocation="http://www.loc.gov/MARC21/slim http://www.loc.gov/standards/marcxml/schema/MARC21slim.xsd"
    xmlns="http://www.loc.gov/MARC21/slim">

  <leader>03672nam a22002897a 4500</leader>
  <controlfield tag="003">OSt</controlfield>
  <controlfield tag="005">20250807095546.0</controlfield>
  <controlfield tag="008">240311b           ||||| |||| 00| 0 eng d</controlfield>
  <datafield tag="020" ind1=" " ind2=" ">
    <subfield code="a">9788121903677</subfield>
  </datafield>
  <datafield tag="040" ind1=" " ind2=" ">
    <subfield code="c">AL</subfield>
  </datafield>
  <datafield tag="041" ind1=" " ind2=" ">
    <subfield code="a">eng</subfield>
  </datafield>
  <datafield tag="082" ind1=" " ind2=" ">
    <subfield code="2">23</subfield>
    <subfield code="a">592</subfield>
    <subfield code="b">JORI</subfield>
  </datafield>
  <datafield tag="100" ind1=" " ind2=" ">
    <subfield code="a">E L Jordan</subfield>
    <subfield code="9">154124</subfield>
  </datafield>
  <datafield tag="100" ind1=" " ind2=" ">
    <subfield code="d">P S Verma</subfield>
    <subfield code="9">153710</subfield>
  </datafield>
  <datafield tag="245" ind1=" " ind2=" ">
    <subfield code="a">Invertebrate Zoology</subfield>
  </datafield>
  <datafield tag="250" ind1=" " ind2=" ">
    <subfield code="a">14 Rev Multicolour</subfield>
  </datafield>
  <datafield tag="260" ind1=" " ind2=" ">
    <subfield code="a">New Delhi</subfield>
    <subfield code="b">S Chand and Company Ltd</subfield>
    <subfield code="c">2021</subfield>
  </datafield>
  <datafield tag="300" ind1=" " ind2=" ">
    <subfield code="a">xxiv,1127p.</subfield>
    <subfield code="b">PB</subfield>
    <subfield code="c">24x17cm.</subfield>
  </datafield>
  <datafield tag="365" ind1=" " ind2=" ">
    <subfield code="2">zoology</subfield>
    <subfield code="a">7733</subfield>
    <subfield code="b">680.00</subfield>
    <subfield code="c">&#x20B9;</subfield>
    <subfield code="d">850.00</subfield>
    <subfield code="e">20%</subfield>
    <subfield code="f">15-02-2024</subfield>
  </datafield>
  <datafield tag="520" ind1=" " ind2=" ">
    <subfield code="a">A best seller for more than three decades, this textbook encapsulates the recent research and developments in the field. It discusses several animal types from each major phylum keeping in view not only the anatomy and physiology of animals, but also the relationship of structure to functional requirements of the environment. Comprehensively written, this textbook would be extremely useful for students of Zoology.</subfield>
  </datafield>
  <datafield tag="521" ind1=" " ind2=" ">
    <subfield code="a">Table of Contents:
&#x2022; Introduction &#x2022; General Principles of Systematics (Taxonomy) and Animal Classification &#x2022; Protoplasm &#x2022; Cell-Structure and Function &#x2022; Cell Division &#x2022; Reproduction &#x2022; Gametogenesis &#x2022; Fertilisation &#x2022; Parthenogenesis &#x2022; The Invertebrates &#x2022; Phylum Protozoa &#x2022; Euglena &#x2022; Trypanosoma &#x2022; Amoeba &#x2022; Entamoeba &#x2022; Elphidium (= Polystomella) &#x2022; Monocystis &#x2022; Eimeria &#x2022; Plasmodium &#x2022; Paramecium &#x2022; Vorticella &#x2022; Protozoa: Characters, Classification and Types &#x2022; Protozoa in General &#x2022; Phylum Porifera &#x2022; Leucosolenia &#x2022; Scypha (=Sycon) &#x2022; Porifera: Characters, Classification and Types &#x2022; Porifera in General &#x2022; Metazoa &#x2022; Phylum Coelenterata (Cnidaria) &#x2022; Hydra &#x2022; Obelia &#x2022; Aurelia &#x2022; Metridium (Sea Anemone) &#x2022; Coelenterata: Characters, Classification and Types &#x2022; Coelenterata in General &#x2022; Phylum Ctenophora &#x2022; Phylum Platyhelminthes &#x2022; Dugesia (=Euplanaria) &#x2022; Polystoma &#x2022; Fasciola (A Liver Fluke) &#x2022; Taenia (A Tapeworm) &#x2022; Platyhelminthes: Characters, Classification and Types &#x2022; Platyhelminthes in General &#x2022; Phylum Aschelminthes &#x2022; Ascaris (A Common Roundworm) &#x2022; Ancylostoma (A Common Hookworm) &#x2022; Wuchereria (A Filarial Worm) &#x2022; Aschelminthes: Characters, Classification and Types &#x2022; Nematodes in General &#x2022; Helminth and Human Diseases &#x2022; Phylum Entoprocta (Endoprocta) &#x2022; Phylum Nemertinea &#x2022; Phylum Acanthocephala &#x2022; Phylum Rotifera &#x2022; Phylum Ectoprocta (Bryozoa) &#x2022; Phylum Brachiopoda &#x2022; Phylum Phoronida &#x2022; Phylum Mollusca &#x2022; Pila (Apple Snail) &#x2022; Lamellidens (Unio) (Freshwater Mussel) &#x2022; Mollusca: Characters, Classification and Types &#x2022; Mollusca in General &#x2022; Phylum Annelida &#x2022; Neanthes (=Nereis) (Clamworm) &#x2022; Pheretima (Earthworm) &#x2022; Hirudinaria (Indian Cattle Leech) &#x2022; Annelida: Characters, Classification and Types &#x2022; Annelida in General &#x2022; Phylum Arthropoda &#x2022; Palaemon (= Macrobrachium) Prawn) &#x2022; Scorpion &#x2022; Periplaneta (Cockroach) &#x2022; Grasshopper or Locust &#x2022; Culex and Anopheles: The Mosquitoes &#x2022; Musca: The Housefly &#x2022; Apis: The Honeybee &#x2022; Bombyx: The Silkworm &#x2022; Cimex: The Bedbug &#x2022; Termites: The White Ants &#x2022; Arthropoda: Characters, Classification and Types &#x2022; Arthropoda in General &#x2022; Peripatus &#x2022; Phylum Echinodermata &#x2022; Asterias: A Sea Star &#x2022; Echinodermata: Classification, Characters and Types &#x2022; Echinodermata in General &#x2022; Phylum Hemichordata &#x2022; Hemichordata: Characters, Classification and Types &#x2022; Glossary &#x2022; Selected References &#x2022; Index</subfield>
  </datafield>
  <datafield tag="650" ind1=" " ind2=" ">
    <subfield code="a">Protoplasm</subfield>
    <subfield code="9">153711</subfield>
  </datafield>
  <datafield tag="650" ind1=" " ind2=" ">
    <subfield code="a">Cell Divison</subfield>
    <subfield code="9">153712</subfield>
  </datafield>
  <datafield tag="650" ind1=" " ind2=" ">
    <subfield code="a">Gametogenesis</subfield>
    <subfield code="9">153713</subfield>
  </datafield>
  <datafield tag="650" ind1=" " ind2=" ">
    <subfield code="a">Phylum</subfield>
    <subfield code="9">153714</subfield>
  </datafield>
  <datafield tag="942" ind1=" " ind2=" ">
    <subfield code="2">ddc</subfield>
    <subfield code="c">REF</subfield>
  </datafield>
  <datafield tag="999" ind1=" " ind2=" ">
    <subfield code="c">230207</subfield>
    <subfield code="d">230207</subfield>
  </datafield>
  <datafield tag="952" ind1=" " ind2=" ">
    <subfield code="0">0</subfield>
    <subfield code="1">0</subfield>
    <subfield code="2">ddc</subfield>
    <subfield code="4">0</subfield>
    <subfield code="7">0</subfield>
    <subfield code="8">ZOO</subfield>
    <subfield code="a">AL</subfield>
    <subfield code="b">AL</subfield>
    <subfield code="d">2021-02-17</subfield>
    <subfield code="e">Biblios Book Point, Surathkal-575014</subfield>
    <subfield code="g">825.00</subfield>
    <subfield code="l">0</subfield>
    <subfield code="o">592 JORI</subfield>
    <subfield code="p">073401</subfield>
    <subfield code="r">2021-02-17 00:00:00</subfield>
    <subfield code="w">2021-02-17</subfield>
    <subfield code="y">BK</subfield>
  </datafield>
  <datafield tag="952" ind1=" " ind2=" ">
    <subfield code="0">0</subfield>
    <subfield code="1">0</subfield>
    <subfield code="2">ddc</subfield>
    <subfield code="4">0</subfield>
    <subfield code="7">0</subfield>
    <subfield code="8">ZOO</subfield>
    <subfield code="a">AL</subfield>
    <subfield code="b">AL</subfield>
    <subfield code="d">2021-02-17</subfield>
    <subfield code="e">Biblios Book Point, Surathkal-575014</subfield>
    <subfield code="g">825.00</subfield>
    <subfield code="l">0</subfield>
    <subfield code="o">592 JORI</subfield>
    <subfield code="p">073400</subfield>
    <subfield code="r">2021-02-17 00:00:00</subfield>
    <subfield code="w">2021-02-17</subfield>
    <subfield code="y">BK</subfield>
  </datafield>
  <datafield tag="952" ind1=" " ind2=" ">
    <subfield code="0">0</subfield>
    <subfield code="1">0</subfield>
    <subfield code="2">ddc</subfield>
    <subfield code="4">0</subfield>
    <subfield code="7">0</subfield>
    <subfield code="8">ZOO</subfield>
    <subfield code="a">AL</subfield>
    <subfield code="b">AL</subfield>
    <subfield code="d">2021-02-17</subfield>
    <subfield code="e">Biblios Book Point, Surathkal-575014</subfield>
    <subfield code="g">825.00</subfield>
    <subfield code="l">1</subfield>
    <subfield code="m">1</subfield>
    <subfield code="o">592 JORI</subfield>
    <subfield code="p">073399</subfield>
    <subfield code="r">2023-08-23 00:00:00</subfield>
    <subfield code="s">2023-08-04</subfield>
    <subfield code="w">2021-02-17</subfield>
    <subfield code="y">BK</subfield>
  </datafield>
  <datafield tag="952" ind1=" " ind2=" ">
    <subfield code="0">0</subfield>
    <subfield code="1">0</subfield>
    <subfield code="2">ddc</subfield>
    <subfield code="4">0</subfield>
    <subfield code="7">0</subfield>
    <subfield code="8">ZOO</subfield>
    <subfield code="a">AL</subfield>
    <subfield code="b">AL</subfield>
    <subfield code="d">2021-02-17</subfield>
    <subfield code="e">Biblios Book Point, Surathkal-575014</subfield>
    <subfield code="g">825.00</subfield>
    <subfield code="l">0</subfield>
    <subfield code="o">592 JORI</subfield>
    <subfield code="p">073398</subfield>
    <subfield code="r">2021-02-17 00:00:00</subfield>
    <subfield code="w">2021-02-17</subfield>
    <subfield code="y">BK</subfield>
  </datafield>
  <datafield tag="952" ind1=" " ind2=" ">
    <subfield code="0">0</subfield>
    <subfield code="1">0</subfield>
    <subfield code="2">ddc</subfield>
    <subfield code="4">0</subfield>
    <subfield code="7">0</subfield>
    <subfield code="8">ZOO</subfield>
    <subfield code="a">AL</subfield>
    <subfield code="b">AL</subfield>
    <subfield code="d">2021-02-17</subfield>
    <subfield code="e">Biblios Book Point, Surathkal-575014</subfield>
    <subfield code="g">825.00</subfield>
    <subfield code="l">0</subfield>
    <subfield code="o">592 JORI</subfield>
    <subfield code="p">073397</subfield>
    <subfield code="r">2021-02-17 00:00:00</subfield>
    <subfield code="w">2021-02-17</subfield>
    <subfield code="y">BK</subfield>
  </datafield>
  <datafield tag="952" ind1=" " ind2=" ">
    <subfield code="0">0</subfield>
    <subfield code="1">0</subfield>
    <subfield code="2">ddc</subfield>
    <subfield code="4">0</subfield>
    <subfield code="7">0</subfield>
    <subfield code="8">ZOO</subfield>
    <subfield code="a">AL</subfield>
    <subfield code="b">AL</subfield>
    <subfield code="d">2021-02-17</subfield>
    <subfield code="e">West Coast Paper &amp; Stationers Mangalore-1</subfield>
    <subfield code="g">500.00</subfield>
    <subfield code="l">0</subfield>
    <subfield code="o">592 JORI</subfield>
    <subfield code="p">063021</subfield>
    <subfield code="r">2021-02-17 00:00:00</subfield>
    <subfield code="w">2021-02-17</subfield>
    <subfield code="y">BK</subfield>
  </datafield>
  <datafield tag="952" ind1=" " ind2=" ">
    <subfield code="0">0</subfield>
    <subfield code="1">0</subfield>
    <subfield code="2">ddc</subfield>
    <subfield code="4">0</subfield>
    <subfield code="7">0</subfield>
    <subfield code="8">ZOO</subfield>
    <subfield code="a">AL</subfield>
    <subfield code="b">AL</subfield>
    <subfield code="d">2021-02-17</subfield>
    <subfield code="e">S Chand &amp; Company Ltd, Bangalore</subfield>
    <subfield code="g">545.00</subfield>
    <subfield code="l">0</subfield>
    <subfield code="o">592 JORI</subfield>
    <subfield code="p">066996</subfield>
    <subfield code="r">2021-02-17 00:00:00</subfield>
    <subfield code="w">2021-02-17</subfield>
    <subfield code="y">BK</subfield>
  </datafield>
  <datafield tag="952" ind1=" " ind2=" ">
    <subfield code="0">0</subfield>
    <subfield code="1">0</subfield>
    <subfield code="2">ddc</subfield>
    <subfield code="4">0</subfield>
    <subfield code="7">3</subfield>
    <subfield code="8">ZOO</subfield>
    <subfield code="a">AL</subfield>
    <subfield code="b">AL</subfield>
    <subfield code="c">RS</subfield>
    <subfield code="d">2024-02-19</subfield>
    <subfield code="e">Biblios Book Point Surathkal Mangalore 575014</subfield>
    <subfield code="g">680.00</subfield>
    <subfield code="l">0</subfield>
    <subfield code="o">592 JORI</subfield>
    <subfield code="p">077104</subfield>
    <subfield code="r">2024-03-11 00:00:00</subfield>
    <subfield code="v">850.00</subfield>
    <subfield code="w">2024-03-11</subfield>
    <subfield code="y">REF</subfield>
  </datafield>
</record>
